000 00541nam a2200205 a 4500
005 20260206064035.0
008 010904s1994 mx r 000 0 spa d
020 _a8475141044
035 _aUPN01000110936
049 _aCG
050 4 _aPJ6066
_bH4.3 1994
100 1 _aHeikal, Ahmed
245 1 0 _aCurso de árabe /
_cAhmed Heikal.
250 _a5a. ed.
260 _aMadrid, Esp. :
_bHiperión,
_c1994.
300 _a203, [6] p.
440 0 _aLibros Hiperión ;
_v73
650 4 _aÁrabe
_xEstudio y enseñanza
_91419
905 _aLibro
999 _c84845
_d84845